000 01254pab a2200157 454500
008 180718b2002 xxu||||| |||| 00| 0 eng d
100 _aJha, Shefali
245 _aSecularism in the constituent assembly debates, 1946-1950
260 _c2002
300 _ap.3175-180.
362 _a27 Jul
520 _aSecularism, it has been argued, failed to stem the spread of communalism in India, because it marginalising and contempt of religion bred a backlash on which communalism thrived. This article contends that this 'contempt for religion' was marginalised in the course of the secularism debates in the Constituent Assembly. The dominant position on secularism that a 'democratic' Constitution find place for religion as a way of life for most Indians triumphed over those who wished for the Assembly to grant only a narrow right to religious freedom, or to make the uniform civil code a fundamental right. These early discussions on religious freedom also highlight a paradox - it is precisely some of the advocates of a broad right to religious freedom who were also the most vociferous opponents of any political rights for religious minorities. - Reproduced.
650 _aSecularism
773 _aEconomic and Political Weekly
909 _a53151
999 _c53151
_d53151